• 首页
  • 本馆介绍
  • 公告通知
  • 最新文献
  • 馆藏检索
  • 电子资源
  • 读者导购
  • 参考咨询
  • 我的图书馆
  • 登录
  • 详细信息显示
  • 放入我的书架
  • 预约/预借图书
  • 作者相关作品
  • 分类相关作品
  • 丛书相关作品
  • 出版社相关作品

书目信息

  • 表格格式
  • 工作单格式
  • 卡片格式
题名:
联合国春秋
    
 
作者: 王杏芳 主编
分册: 下  
出版信息: 北京   当代世界出版社  1999.01
页数: 477~1024页
开本: 32开
丛书名:
单 册:
中图分类: D813.2
科图分类:
主题词: 国际关系
电子资源:
ISBN: 7-80115-155-0
000 00527nam0 2200193 45
001 0010041097
005 20031219104046.6
010    @a7-80115-155-0@dCNY49.50
100    @a20001004d1999 km y0chiy0120 ea
101 0  @achi
105    @a z 000yy
200 1  @a联合国春秋@h下@f王杏芳主编@FWang Xing Fang Zhu Bian
210    @a北京@c当代世界出版社@d1999.01
215    @a477~1024页@d32开
606 0  @a国际关系
690    @aD813.2@v3
701  0 @a王杏芳@4主编
801    @aCN@bTSTC@c20001004
905    @dD813.2@e35:2@b291331-333@f3
    
    联合国春秋.下/王杏芳主编.-北京:当代世界出版社,1999.01
    477~1024页;32开
    
    
    ISBN 7-80115-155-0:CNY49.50
    
●
相关链接 在E读中查询图书 在五车中查询图书 在当当中查询图书 在豆瓣中查询图书


正题名:联合国春秋     索取号:D813.2/35:2         预约/预借

序号 登录号 条形码 馆藏地/架位号 状态 备注
1 0291331   002913315   第一借阅区/ [索取号:D813.2/35:2] 在馆    
2 0291332   002913324   第一借阅区/ [索取号:D813.2/35:2] 在馆    
3 0291333   002913333   第一样本阅览室/ [索取号:D813.2/35:2] 在馆    
唐山师范学院图书馆 欢迎您!
大连网信软件有限公司© 版权所有